Districts of Tyne and Wear - Statistics

General Stats
  • This quiz has been taken 21 times
  • The average score is 4 of 5
Answer Stats
Status Answer % Correct
City City of Newcastle upon Tyne
100%
City City of Sunderland
100%
Borough Gateshead
94%
Borough North Tyneside
61%
Borough South Tyneside
61%
No matching quizzes found
Score Distribution
Percent of People with Each Score
Percentile by Number Answered
Your Score History
You have not taken this quiz